Culture Générale - Série 2196 - Statistiques

Statistiques générales
  • Ce quiz a été pris 124 fois
  • Le résultat moyen est 8 sur 10
Statistiques - réponses
Question Réponse % Correct
Quelle couleur faut-il ajouter au bleu pour obtenir du vert ? jaune
99%
Quel pays est représenté, sur son drapeau, par une croix blanche sur fond rouge ? Suisse
96%
Dans quel pays se trouve le volcan Eyjafjöll, dont l’éruption en avril 2010, a entraîné un épais nuage ? Islande
94%
À quel pays appartient le drapeau composé d’un rond rouge sur fond blanc ? Japon
90%
Dans quel pays se trouve le cap de Bonne Espérance ? Afrique du Sud
87%
En espagnol, que signifie le mot " corazon " ? coeur
81%
Qui était surnommé "Le fou chantant" ? prénom et nom - voir photo Charles Trenet
73%
Quel autre pays européen a un drapeau très ressemblant à celui des Pays-Bas ? Luxembourg
69%
Comment se prénommait l'épouse du Roi Arthur ? Guenièvre
65%
Quelles noces fêtez-vous pour 40 années de mariages ? émeraude
20%
Aucun quiz correspondant
Distribution des résultats
% des personnes avec chaque résultat
Percentile par nombre de réponses
Votre historique - résultats
Vous n’avez pas pris ce quiz